000
00310nam a22001457a 4500
008
221201b ||||| |||| 00| 0 eng d
020
_a
9780495000044
041
_a
eng
080
_a
159.9
082
_a
159.9 HUB
100
_a
25
101
_a
PSI
245
_a
ELDER ADVOCACY
_c
HUBER R
942
_2
udc
_c
BK
999
_c
59058
_d
59058